Pays qui ont bloqué Twitter - Statistiques

Statistiques générales
  • Ce quiz a été pris 168 fois
  • Le résultat moyen est 5 sur 13
Statistiques - réponses
Date Pays % Correct
2016 - Présent Corée du Nord
94%
2009 - Présent Chine
89%
2022 - Présent Russie
81%
2009 - Présent Iran
68%
2021 Pakistan
42%
2014 Turquie
39%
2011 Égypte
32%
2021- Présent Birmanie
22%
2021 - Présent Ouzbékistan
22%
2018 - Présent Turkménistan
21%
2007 Émirats Arabes Unis
20%
2021-22 Nigeria
9%
2021 Ouganda
1%
Aucun quiz correspondant
Distribution des résultats
% des personnes avec chaque résultat
Percentile par nombre de réponses
Votre historique - résultats
Vous n’avez pas pris ce quiz